00446nam a2200145Ia 4500003000900000008004100009040001600050080001600066100001800082245011000100260002400210300001400234650004100248650001100289IN-BaIIA211028s9999 xx 000 0 eng d cIIA Library a535.14bJAC aJacobs, S. F. 0aAdaptive optics and short wavelength sourcescS. F. Jacobs  aMassachusettsc1978 axi, 312p. aAstronomy and Astrophysics Thesaurus aOptics